Chiffres 1 à 10 dans les langues européennes - Statistiques

Statistiques générales
  • Ce quiz a été pris 176 fois
  • Le résultat moyen est 37 sur 90
Statistiques - réponses
Langue # Réponse % Correct
French 1 Un
99%
Spanish 2 Dos
98%
Italian 3 Tre
98%
Swedish 3 Tre
98%
Spanish 1 Uno
97%
Italian 1 Uno
97%
Anglaise 5 Five
96%
Anglaise 1 One
96%
Anglaise 9 Nine
95%
Anglaise 7 Seven
95%
Anglaise 6 Six
95%
French 6 Six
95%
Anglaise 10 Ten
95%
Spanish 3 Tres
95%
Portuguese 3 Três
95%
Anglaise 2 Two
95%
Anglaise 4 Four
93%
Anglaise 3 Three
93%
Anglaise 8 Eight
92%
Italian 6 Sei
80%
Spanish 5 Cinco
78%
Portuguese 5 Cinco
78%
Spanish 8 Ocho
76%
Portuguese 4 Quatro
74%
Spanish 9 Nueve
73%
Spanish 6 Seis
72%
Portuguese 6 Seis
72%
Spanish 7 Siete
72%
Spanish 4 Cuatro
69%
French 5 Cinq
66%
Spanish 10 Diez
58%
German 3 Drei
53%
German 1 Eins
44%
German 5 Fünf
44%
Italian 2 Due
41%
German 2 Zwei
41%
German 4 Vier
40%
Dutch 4 Vier
40%
German 8 Acht
39%
Dutch 8 Acht
39%
German 9 Neun
36%
Italian 5 Cinque
35%
German 7 Sieben
35%
Italian 4 Quattro
33%
German 6 Sechs
33%
Italian 8 Otto
30%
German 10 Zehn
29%
Italian 9 Nove
27%
Portuguese 9 Nove
27%
French 4 Quatre
25%
Italian 10 Dieci
24%
French 10 Dix
24%
French 7 Sept
24%
Italian 7 Sette
24%
French 2 Deux
23%
Portuguese 7 Sete
22%
French 8 Huit
21%
French 9 Neuf
21%
French 3 Trois
21%
Swedish 6 Sex
20%
Dutch 3 Drie
11%
Portuguese 1 Um
11%
Dutch 1 Een
9%
Portuguese 10 Dez
8%
Dutch 9 Negen
8%
Dutch 10 Tien
8%
Dutch 2 Twee
8%
Dutch 5 Vijf
8%
Dutch 6 Zes
8%
Dutch 7 Zeven
8%
Portuguese 2 Dois
7%
Swedish 1 En
7%
Portuguese 8 Oito
6%
Polish 4 Cztery
3%
Polish 2 Dwa
3%
Polish 5 Pięć
3%
Polish 3 Trzy
3%
Polish 10 Dziesięć
2%
Polish 9 Dziewięć
2%
Swedish 4 Fyra
2%
Polish 1 Jeden
2%
Swedish 9 Nio
2%
Polish 8 Osiem
2%
Polish 7 Siedem
2%
Polish 6 Sześć
2%
Swedish 2 Två
2%
Swedish 8 Åtta
1%
Swedish 5 Fem
1%
Swedish 7 Sju
1%
Swedish 10 Tio
1%
Aucun quiz correspondant
Distribution des résultats
% des personnes avec chaque résultat
Percentile par nombre de réponses
Votre historique - résultats
Vous n’avez pas pris ce quiz